000 02443nam a2200337 4500
003 OSt
005 20260417094709.0
008 260417b |||||||| |||| 00| 0 aze d
040 _aAZ-XaKU
_baze
_cAZ-XaKU
041 0 _aaze
050 0 4 _aQA300 .G9518 2024
100 1 _aQuliyev, Azad,
_emüəllif.
245 1 _aXətti cəbr və riyazi analiz
_c/ Azad Quiyev
264 _aBakı:
_b"Elm və təhsil",
_c2024.
300 _a352 səhifə;
_c20 sm.
336 _atext
_btxt
_2rdacontent
337 _aunmediated
_bn
_2rdamedia
338 _avolume
_bnc
_2rdacarrier
504 _aƏdəbiyyat siyahısı: s. 345
505 0 _aGiriş -- I fəsil. Matrislər və determinantlar -- II fəsil. Xətti tənliklər sistemi -- III fəsil. Çoxluq anlayışı. Funksiya anlayışı -- IV fəsil. Düz xətt və müstəvi tənlikləri -- V fəsil. Ədədi ardıcıllıq və onun limiti -- VI fəsil. Birdəyişənli funksiyanın limiti və kəsilməzliyi -- VII fəsil. Birdəyişənli funksiyanın törəməsi və diferensialı -- VIII fəsil. Diferensial hesabının əsas teoremləri. Lopital qaydası. Teylor düsturu -- IX fəsil. Törəmənin köməyilə funksiyanın tədqiqi -- X fəsil. Qeyri- müəyyən inteqral -- XI fəsil. Müəyyən inteqral. Qeyri- məxsusi inteqral -- XII fəsil. Çoxdəyişənli funksiyanın limiti və kəsilməzliyi. Çoxdəyişənli funksiyanın xüsusi törəmələri və diferensialı -- XIII fəsil. Çoxdəyişənli funksiyanın ekstremumu -- XIV fəsil. Ədədi və funksional sıralar -- XV fəsil. Adi diferensial tənliklər.
520 _aBu dərslikdə hər bir mövzuya aid nəzəri materialla bərabər, onların tətbiqinə aid çoxlu sayda məsələ və misalların həlli də öz əksini tapmışdır. Bununla bərabər həm auditoriyada, həm də evdə işləmək üçün kifayət qədər məsələlər verilmişdir.
521 _aDərslik Azərbaycan Dövlət İqtisad Universitetinin nəzdində Sosial İqtisadi Kollecin tələbələri üçün nəzərdə tutulmasına baxmayaraq, ondan başqa kollec tələbələri və universitet tələbələri də istifadə edə bilərlər.
650 7 _aRiyaziyyat
_2AZ-XaKU
655 _2Az-XaKU
_aDərslik
700 1 _aMöhsümova, Nazilə,
_emüəllif.
700 1 _aQurbanlı, Nərmin,
_emüəllif.
700 1 _aSalmanov, Valid,
_erəyçi.
700 1 _aXalıqova, Sevinc
_erəyçi.
942 _cBOOK
999 _c247
_d247